Carlos Velilla (Record no. 187466)

MARC details
000 -LEADER
campo de control de longitud fija 00893nam a2200241 i 4500
001 - NÚMERO DE CONTROL
campo de control 187466
003 - IDENTIFICADOR DE NÚMERO DE CONTROL
campo de control ES-MaACL
005 - FECHA Y HORA DE LA ÚLTIMA TRANSACCIÓN
campo de control 20251019063057.0
008 - DATOS DE LONGITUD FIJA--INFORMACIÓN GENERAL
campo de control de longitud fija 170706s1989 sp ac c |||| | spa d
080 ## - NÚMERO DE LA CLASIFICACIÓN DECIMAL UNIVERSAL
Número de la Clasificación Decimal Universal 75 Velilla Lon, Carlos (083.824)
100 1# - ENTRADA PRINCIPAL--NOMBRE DE PERSONA
Nombre de persona Velilla Lon, Carlos,
Fechas asociadas al nombre 1950-
9 (RLIN) 163389
245 10 - MENCIÓN DEL TÍTULO
Título Carlos Velilla
Resto del título : [exposición] enero-febrero 89, Sala Gaspar /
Mención de responsabilidad, etc. [texto, Pedro Zarraluki].
260 ## - PUBLICACIÓN, DISTRIBUCIÓN, ETC.
Lugar de publicación, distribución, etc. Barcelona :
Nombre del editor, distribuidor, etc. Sala Gaspar :
-- Danés,
Fecha de publicación, distribución, etc. [1989]
300 ## - DESCRIPCIÓN FÍSICA
Extensión [50] p., [2] h. de lám. pleg. :
Otras características físicas principalmente il. col., 1 retr. ;
Dimensiones 23 cm.
546 ## - NOTA DE IDIOMA
Nota de lengua/lenguaje Texto en castellano y catalán.
600 17 - PUNTO DE ACCESO ADICIONAL DE MATERIA--NOMBRE DE PERSONA
Nombre de persona Velilla Lon, Carlos,
Fechas asociadas al nombre 1950-
Subdivisión de forma Exposiciones
Fuente del encabezamiento o término
9 (RLIN) 163390
655 #7 - TERMINO DE INDIZACIÓN--GENERO/FORMA
Fuente del término tgfbne
9 (RLIN) 193628
Datos o término principal de género/forma Catálogos de exposiciones
700 1# - ENTRADA AGREGADA--NOMBRE PERSONAL
Nombre de persona Zarraluki, Pedro.
9 (RLIN) 118084
710 2# - ENTRADA AGREGADA--NOMBRE DE ENTIDAD CORPORATIVA
Nombre de entidad corporativa o nombre de jurisdicción como elemento de entrada Sala Gaspar.
9 (RLIN) 6478
852 ## - LOCALIZACIÓN
Ubicación ES-MaACL
Número de control de estantería L-31791
942 ## - ELEMENTOS DE ENTRADA SECUNDARIOS (KOHA)
Fuente del sistema de clasificación o colocación Clasificación decimal universal
Holdings
Estatus retirado Estado de pérdida Estado de daño No para préstamo Biblioteca de origen Biblioteca actual Ubicación en estantería Fecha de adquisición Fuente de adquisición Total de préstamos Signatura topográfica completa Código de barras Visto por última vez Precio de reemplazo Tipo de ítem Koha
        Biblioteca del Ateneo de Madrid Biblioteca del Ateneo de Madrid Depósito 2 06/07/2017     L-31791 1197900 23/02/2023 23/02/2023 Libro impreso